000 00660cam a22002413a 4500
001 21887
003 PGUSA
005 20140828083451.0
008 070621s2007||||xxu|||||s|||||000 1 eng d
040 _aPGUSA
_beng
042 _adc
050 4 _aPS
100 1 _aNicholson, Meredith,
_d1866-1947
245 1 0 _aBlacksheep! Blacksheep!
_h[electronic resource] /
_cMeredith Nicholson
260 _bProject Gutenberg,
_c2007
506 _aPublic domain in the USA.
516 _aElectronic text
653 _aFiction
653 _aAdventure stories
830 0 _aProject Gutenberg
_v21887
856 4 0 _uhttp://www.gutenberg.org/ebooks/21887
942 _cEB
999 _c251142
_d251142